[Event "English Schools Championship Final 2024"]
[Site "Nottingham University Kings Meadow Campus, United Kingdom"]
[Date "2024.06.27"]
[Round "1.15"]
[White "Ahmed, Bilal"]
[Black "Shidlagatta, Anirudh"]
[Result "1/2-1/2"]
[TimeControl "G50' + 10\" per move."]
[WhiteFideId "474207"]
[BlackFideId "469475"]
[WhiteElo "1736"]
[BlackElo "1918"]

1. e4 {[%clk 00:50:18]} {[%emt 00:00:01]} e6 {[%clk 00:50:12]} {[%emt
00:00:08]} 2. d4 {[%clk 00:50:26]} {[%emt 00:00:03]} d5 {[%clk 00:50:16]}
{[%emt 00:00:05]} 3. Nd2 {[%clk 00:50:33]} {[%emt 00:00:04]} Nf6 {[%clk
00:50:18]} {[%emt 00:00:07]} 4. e5 {[%clk 00:50:41]} {[%emt 00:00:02]} Nfd7
{[%clk 00:50:21]} {[%emt 00:00:06]} 5. Ndf3 {[%clk 00:50:28]} {[%emt 00:00:24]}
c5 {[%clk 00:50:04]} {[%emt 00:00:27]} 6. c3 {[%clk 00:50:14]} {[%emt
00:00:25]} Nc6 {[%clk 00:49:58]} {[%emt 00:00:15]} 7. Bd3 {[%clk 00:49:36]}
{[%emt 00:00:47]} Be7 {[%clk 00:45:03]} {[%emt 00:05:06]} 8. Ne2 {[%clk
00:48:18]} {[%emt 00:01:28]} O-O {[%clk 00:39:30]} {[%emt 00:05:44]} 9. O-O
{[%clk 00:47:53]} {[%emt 00:00:35]} cxd4 {[%clk 00:36:54]} {[%emt 00:02:45]} 10.
cxd4 {[%clk 00:47:30]} {[%emt 00:00:33]} f6 {[%clk 00:36:45]} {[%emt 00:00:19]}
11. exf6 {[%clk 00:46:02]} {[%emt 00:01:38]} Bxf6 {[%clk 00:35:53]} {[%emt
00:01:02]} 12. Re1 {[%clk 00:43:20]} {[%emt 00:02:52]} e5 {[%clk 00:35:10]}
{[%emt 00:00:53]} 13. dxe5 {[%clk 00:41:51]} {[%emt 00:01:39]} Ndxe5 {[%clk
00:35:08]} {[%emt 00:00:12]} 14. Nxe5 {[%clk 00:39:27]} {[%emt 00:02:34]} Bxe5
{[%clk 00:30:32]} {[%emt 00:04:46]} 15. Ng3 {[%clk 00:34:56]} {[%emt 00:04:41]}
Qf6 {[%clk 00:28:44]} {[%emt 00:01:58]} 16. f3 {[%clk 00:31:43]} {[%emt
00:03:23]} Bd4+ {[%clk 00:26:23]} {[%emt 00:02:31]} 17. Kh1 {[%clk 00:31:02]}
{[%emt 00:00:50]} Qh4 {[%clk 00:25:10]} {[%emt 00:01:24]} 18. Qd2 {[%clk
00:27:59]} {[%emt 00:03:13]} Bd7 {[%clk 00:22:27]} {[%emt 00:02:54]} 19. Qg5
{[%clk 00:24:47]} {[%emt 00:03:21]} Qxg5 {[%clk 00:20:46]} {[%emt 00:01:51]} 20.
Bxg5 {[%clk 00:24:54]} {[%emt 00:00:03]} Nb4 {[%clk 00:17:44]} {[%emt
00:03:12]} 21. Red1 {[%clk 00:21:44]} {[%emt 00:03:20]} Nxd3 {[%clk 00:17:05]}
{[%emt 00:00:48]} 22. Rxd3 {[%clk 00:21:52]} {[%emt 00:00:03]} Bxb2 {[%clk
00:17:08]} {[%emt 00:00:07]} 23. Rb1 {[%clk 00:20:48]} {[%emt 00:01:13]} Be5
{[%clk 00:14:52]} {[%emt 00:02:26]} 24. Rxd5 {[%clk 00:18:56]} {[%emt
00:02:03]} Bxg3 {[%clk 00:14:47]} {[%emt 00:00:15]} 25. Rxd7 {[%clk 00:17:35]}
{[%emt 00:01:31]} Be5 {[%clk 00:13:24]} {[%emt 00:01:33]} 26. Rbxb7 {[%clk
00:16:42]} {[%emt 00:01:03]} h6 {[%clk 00:12:51]} {[%emt 00:00:44]} 27. Bd2
{[%clk 00:15:55]} {[%emt 00:00:56]} Rab8 {[%clk 00:12:00]} {[%emt 00:01:01]} 28.
Rxb8 {[%clk 00:13:20]} {[%emt 00:02:45]} Rxb8 {[%clk 00:11:56]} {[%emt
00:00:14]} 29. g3 {[%clk 00:12:01]} {[%emt 00:01:30]} Rb1+ {[%clk 00:11:43]}
{[%emt 00:00:22]} 30. Kg2 {[%clk 00:12:09]} {[%emt 00:00:02]} Rb2 {[%clk
00:11:42]} {[%emt 00:00:11]} 31. Kh3 {[%clk 00:11:26]} {[%emt 00:00:52]} Rxa2
{[%clk 00:11:32]} {[%emt 00:00:21]} 32. Kg4 {[%clk 00:09:39]} {[%emt 00:01:57]}
Ra4+ {[%clk 00:08:59]} {[%emt 00:02:43]} 33. f4 {[%clk 00:08:48]} {[%emt
00:01:01]} Bd4 {[%clk 00:05:12]} {[%emt 00:03:57]} 34. h4 {[%clk 00:07:09]}
{[%emt 00:01:49]} Kh7 {[%clk 00:04:58]} {[%emt 00:00:24]} 35. Rd5 {[%clk
00:05:47]} {[%emt 00:01:31]} Bf6 {[%clk 00:04:43]} {[%emt 00:00:26]} 36. Kh5
{[%clk 00:04:40]} {[%emt 00:01:17]} Rd4 {[%clk 00:03:33]} {[%emt 00:01:20]} 37.
Rxd4 {[%clk 00:03:35]} {[%emt 00:01:15]} g6+ {[%clk 00:02:47]} {[%emt
00:00:56]} 38. Kg4 {[%clk 00:03:36]} {[%emt 00:00:08]} Bxd4 {[%clk 00:02:44]}
{[%emt 00:00:13]} 39. Ba5 {[%clk 00:03:38]} {[%emt 00:00:09]} Kg7 {[%clk
00:01:38]} {[%emt 00:01:16]} 40. h5 {[%clk 00:03:28]} {[%emt 00:00:20]} Kf7
{[%clk 00:01:05]} {[%emt 00:00:43]} 1/2-1/2

[Event "English Schools Championship Final 2024"]
[Site "Nottingham University Kings Meadow Campus, United Kingdom"]
[Date "2024.06.27"]
[Round "1.16"]
[White "Wang, Luoke"]
[Black "Jeevananth, Thuvaragan"]
[Result "1-0"]
[TimeControl "G50' + 10\" per move."]
[WhiteFideId "499293"]
[WhiteElo "1953"]
[BlackElo "1780"]

1. d4 {[%clk 00:50:15]} {[%emt 00:00:05]} Nf6 {[%clk 00:50:14]} {[%emt
00:00:07]} 2. c4 {[%clk 00:50:18]} {[%emt 00:00:07]} e6 {[%clk 00:50:18]}
{[%emt 00:00:06]} 3. Nc3 {[%clk 00:50:15]} {[%emt 00:00:12]} Bb4 {[%clk
00:50:03]} {[%emt 00:00:25]} 4. Nf3 {[%clk 00:50:22]} {[%emt 00:00:03]} Bxc3+
{[%clk 00:49:53]} {[%emt 00:00:20]} 5. bxc3 {[%clk 00:50:31]} {[%emt 00:00:02]}
b6 {[%clk 00:49:48]} {[%emt 00:00:14]} 6. e3 {[%clk 00:48:47]} {[%emt
00:01:54]} Bb7 {[%clk 00:49:32]} {[%emt 00:00:26]} 7. Bd3 {[%clk 00:48:48]}
{[%emt 00:00:10]} Nc6 {[%clk 00:48:42]} {[%emt 00:01:00]} 8. O-O {[%clk
00:47:11]} {[%emt 00:01:47]} O-O {[%clk 00:48:32]} {[%emt 00:00:19]} 9. e4
{[%clk 00:47:10]} {[%emt 00:00:12]} h6 {[%clk 00:47:04]} {[%emt 00:01:37]} 10.
e5 {[%clk 00:47:11]} {[%emt 00:00:10]} Ne8 {[%clk 00:47:00]} {[%emt 00:00:13]}
11. Bc2 {[%clk 00:43:56]} {[%emt 00:03:26]} Ne7 {[%clk 00:43:23]} {[%emt
00:03:47]} 12. Qd3 {[%clk 00:37:46]} {[%emt 00:06:19]} f5 {[%clk 00:43:12]}
{[%emt 00:00:22]} 13. exf6 {[%clk 00:35:33]} {[%emt 00:02:23]} Nxf6 {[%clk
00:43:11]} {[%emt 00:00:11]} 14. Re1 {[%clk 00:34:19]} {[%emt 00:01:24]} Qe8
{[%clk 00:38:07]} {[%emt 00:05:13]} 15. Ba3 {[%clk 00:31:29]} {[%emt 00:03:00]}
Bxf3 {[%clk 00:34:10]} {[%emt 00:04:07]} 16. Qxf3 {[%clk 00:30:43]} {[%emt
00:00:56]} Rf7 {[%clk 00:32:33]} {[%emt 00:01:48]} 17. Qd3 {[%clk 00:27:13]}
{[%emt 00:03:39]} g5 {[%clk 00:28:26]} {[%emt 00:04:18]} 18. d5 {[%clk
00:23:53]} {[%emt 00:03:30]} exd5 {[%clk 00:26:40]} {[%emt 00:01:56]} 19. cxd5
{[%clk 00:23:59]} {[%emt 00:00:04]} d6 {[%clk 00:26:18]} {[%emt 00:00:32]} 20.
c4 {[%clk 00:22:37]} {[%emt 00:01:32]} Qd7 {[%clk 00:24:01]} {[%emt 00:02:26]}
21. Re6 {[%clk 00:20:44]} {[%emt 00:02:03]} Raf8 {[%clk 00:20:08]} {[%emt
00:04:03]} 22. Bb2 {[%clk 00:18:01]} {[%emt 00:02:53]} Nh7 {[%clk 00:16:15]}
{[%emt 00:04:03]} 23. Rxh6 {[%clk 00:16:29]} {[%emt 00:01:42]} Qf5 {[%clk
00:16:00]} {[%emt 00:00:24]} 24. Qd4 {[%clk 00:13:44]} {[%emt 00:02:55]} Qe5
{[%clk 00:13:48]} {[%emt 00:02:23]} 25. Qxe5 {[%clk 00:13:12]} {[%emt
00:00:42]} dxe5 {[%clk 00:13:55]} {[%emt 00:00:03]} 26. Bxe5 {[%clk 00:13:20]}
{[%emt 00:00:02]} Nf6 {[%clk 00:13:17]} {[%emt 00:00:48]} 27. Re1 {[%clk
00:12:28]} {[%emt 00:04:19]} 1-0

[Event "English Schools Championship Final 2024"]
[Site "Nottingham University Kings Meadow Campus, United Kingdom"]
[Date "2024.06.27"]
[Round "1.17"]
[White "White-Bower, Conor"]
[Black "Lapidus, Alexey M"]
[Result "1/2-1/2"]
[TimeControl "G50' + 10\" per move."]
[BlackFideId "24276111"]
[WhiteElo "1587"]
[BlackElo "1781"]

1. d4 {[%clk 00:50:18]} {[%emt 00:00:01]} Nf6 {[%clk 00:50:19]} {[%emt
00:00:01]} 2. c4 {[%clk 00:50:26]} {[%emt 00:00:02]} e6 {[%clk 00:50:23]}
{[%emt 00:00:06]} 3. Bf4 {[%clk 00:50:07]} {[%emt 00:00:28]} Bb4+ {[%clk
00:50:12]} {[%emt 00:00:22]} 4. Nc3 {[%clk 00:49:49]} {[%emt 00:00:28]} d5
{[%clk 00:49:31]} {[%emt 00:00:50]} 5. e3 {[%clk 00:48:35]} {[%emt 00:01:24]}
O-O {[%clk 00:48:50]} {[%emt 00:00:51]} 6. a3 {[%clk 00:47:54]} {[%emt
00:00:48]} Bd6 {[%clk 00:44:03]} {[%emt 00:05:01]} 7. Bxd6 {[%clk 00:44:13]}
{[%emt 00:03:44]} Qxd6 {[%clk 00:43:28]} {[%emt 00:00:52]} 8. cxd5 {[%clk
00:43:37]} {[%emt 00:00:26]} exd5 {[%clk 00:43:24]} {[%emt 00:00:34]} 9. Bd3
{[%clk 00:43:14]} {[%emt 00:00:20]} c6 {[%clk 00:41:57]} {[%emt 00:01:50]} 10.
Nf3 {[%clk 00:41:48]} {[%emt 00:01:35]} Bg4 {[%clk 00:40:01]} {[%emt 00:02:06]}
11. h3 {[%clk 00:40:45]} {[%emt 00:01:13]} Bh5 {[%clk 00:39:25]} {[%emt
00:00:46]} 12. O-O {[%clk 00:40:23]} {[%emt 00:00:32]} Re8 {[%clk 00:34:40]}
{[%emt 00:04:55]} 13. Be2 {[%clk 00:39:14]} {[%emt 00:01:19]} Nbd7 {[%clk
00:32:50]} {[%emt 00:02:01]} 14. Re1 {[%clk 00:35:31]} {[%emt 00:03:52]} a5
{[%clk 00:30:38]} {[%emt 00:02:24]} 15. Nd2 {[%clk 00:32:14]} {[%emt 00:03:25]}
Bg6 {[%clk 00:28:23]} {[%emt 00:02:26]} 16. Bf3 {[%clk 00:27:57]} {[%emt
00:04:25]} Rad8 {[%clk 00:19:24]} {[%emt 00:09:10]} 17. Nb3 {[%clk 00:26:00]}
{[%emt 00:02:07]} b6 {[%clk 00:16:46]} {[%emt 00:02:48]} 18. Rc1 {[%clk
00:24:22]} {[%emt 00:01:47]} Ne4 {[%clk 00:15:37]} {[%emt 00:01:20]} 19. Bxe4
{[%clk 00:22:19]} {[%emt 00:02:13]} Bxe4 {[%clk 00:14:49]} {[%emt 00:00:58]} 20.
Nxe4 {[%clk 00:20:30]} {[%emt 00:01:59]} Rxe4 {[%clk 00:14:15]} {[%emt
00:00:44]} 21. Nd2 {[%clk 00:19:37]} {[%emt 00:01:03]} Re6 {[%clk 00:14:19]}
{[%emt 00:00:07]} 22. Re2 {[%clk 00:18:43]} {[%emt 00:01:04]} Rg6 {[%clk
00:10:47]} {[%emt 00:03:42]} 23. Nf1 {[%clk 00:17:53]} {[%emt 00:00:59]} f5
{[%clk 00:06:02]} {[%emt 00:04:56]} 24. f4 {[%clk 00:17:24]} {[%emt 00:00:39]}
Nf6 {[%clk 00:04:04]} {[%emt 00:02:07]} 25. Qc2 {[%clk 00:16:30]} {[%emt
00:01:04]} Ne4 {[%clk 00:03:51]} {[%emt 00:00:24]} 26. Nd2 {[%clk 00:14:15]}
{[%emt 00:02:24]} 1/2-1/2

[Event "English Schools Championship Final 2024"]
[Site "Nottingham University Kings Meadow Campus, United Kingdom"]
[Date "2024.06.27"]
[Round "1.18"]
[White "Sharma, Naavya"]
[Black "Hill, Zac"]
[Result "1-0"]
[TimeControl "G50' + 10\" per move."]
[WhiteFideId "463132"]
[WhiteElo "1759"]
[BlackElo "1715"]

1. d4 {[%clk 00:50:17]} {[%emt 00:00:03]} f5 {[%clk 00:50:04]} {[%emt
00:00:17]} 2. Bg5 {[%clk 00:50:18]} {[%emt 00:00:09]} g6 {[%clk 00:49:18]}
{[%emt 00:00:55]} 3. e3 {[%clk 00:49:47]} {[%emt 00:00:42]} Bg7 {[%clk
00:48:54]} {[%emt 00:00:30]} 4. Nf3 {[%clk 00:49:47]} {[%emt 00:00:13]} d6
{[%clk 00:48:24]} {[%emt 00:00:37]} 5. c4 {[%clk 00:49:17]} {[%emt 00:00:44]}
Nf6 {[%clk 00:48:05]} {[%emt 00:00:23]} 6. Nc3 {[%clk 00:48:58]} {[%emt
00:00:35]} b6 {[%clk 00:47:33]} {[%emt 00:00:39]} 7. Bd3 {[%clk 00:47:59]}
{[%emt 00:01:11]} Bb7 {[%clk 00:47:15]} {[%emt 00:00:24]} 8. Bxf6 {[%clk
00:47:20]} {[%emt 00:00:54]} exf6 {[%clk 00:46:28]} {[%emt 00:00:55]} 9. O-O
{[%clk 00:46:33]} {[%emt 00:00:59]} O-O {[%clk 00:46:21]} {[%emt 00:00:15]} 10.
e4 {[%clk 00:44:19]} {[%emt 00:02:26]} fxe4 {[%clk 00:45:12]} {[%emt 00:01:18]}
11. Nxe4 {[%clk 00:43:14]} {[%emt 00:01:16]} f5 {[%clk 00:44:28]} {[%emt
00:00:52]} 12. Neg5 {[%clk 00:42:52]} {[%emt 00:00:34]} Qf6 {[%clk 00:43:30]}
{[%emt 00:01:04]} 13. Re1 {[%clk 00:41:13]} {[%emt 00:01:52]} Na6 {[%clk
00:42:07]} {[%emt 00:01:29]} 14. Ne6 {[%clk 00:36:37]} {[%emt 00:04:50]} Rfe8
{[%clk 00:41:21]} {[%emt 00:00:54]} 15. Nxg7 {[%clk 00:35:19]} {[%emt
00:01:31]} Kxg7 {[%clk 00:40:29]} {[%emt 00:01:01]} 16. Rxe8 {[%clk 00:32:54]}
{[%emt 00:02:35]} Rxe8 {[%clk 00:40:23]} {[%emt 00:00:15]} 17. Qa4 {[%clk
00:30:55]} {[%emt 00:02:11]} Re7 {[%clk 00:39:22]} {[%emt 00:01:10]} 18. c5
{[%clk 00:30:19]} {[%emt 00:00:47]} Bxf3 {[%clk 00:37:32]} {[%emt 00:01:58]} 19.
Bxa6 {[%clk 00:25:26]} {[%emt 00:05:05]} Qg5 {[%clk 00:36:28]} {[%emt
00:01:12]} 20. Bf1 {[%clk 00:25:30]} {[%emt 00:00:08]} h5 {[%clk 00:35:03]}
{[%emt 00:01:34]} 21. Qxa7 {[%clk 00:24:15]} {[%emt 00:01:26]} bxc5 {[%clk
00:33:37]} {[%emt 00:01:07]} 22. dxc5 {[%clk 00:24:16]} {[%emt 00:00:37]} d5
{[%clk 00:32:11]} {[%emt 00:01:35]} 23. c6 {[%clk 00:23:38]} {[%emt 00:00:50]}
h4 {[%clk 00:31:46]} {[%emt 00:00:35]} 24. Qd4+ {[%clk 00:22:47]} {[%emt
00:01:01]} Kh7 {[%clk 00:29:21]} {[%emt 00:02:34]} 25. h3 {[%clk 00:21:38]}
{[%emt 00:01:20]} Be4 {[%clk 00:27:52]} {[%emt 00:01:36]} 26. Re1 {[%clk
00:18:43]} {[%emt 00:03:08]} f4 {[%clk 00:22:19]} {[%emt 00:05:42]} 27. f3
{[%clk 00:17:03]} {[%emt 00:01:50]} Qe5 {[%clk 00:20:29]} {[%emt 00:01:59]} 28.
Qxe5 {[%clk 00:16:27]} {[%emt 00:00:48]} Rxe5 {[%emt 00:00:11]} 29. fxe4 {[%emt
00:00:09]} dxe4 {[%clk 00:20:06]} {[%emt 00:00:12]} 30. Rd1 {[%clk 00:15:20]}
{[%emt 00:01:18]} e3 {[%clk 00:19:24]} {[%emt 00:00:51]} 31. Be2 {[%clk
00:13:53]} {[%emt 00:01:37]} Rc5 {[%clk 00:18:36]} {[%emt 00:00:54]} 32. Bf3
{[%clk 00:12:53]} {[%emt 00:01:15]} Rc2 {[%clk 00:17:33]} {[%emt 00:01:11]} 33.
Rb1 {[%clk 00:11:20]} {[%emt 00:01:44]} Kg7 {[%clk 00:17:21]} {[%emt 00:00:18]}
34. a4 {[%clk 00:11:18]} {[%emt 00:00:17]} Rc5 {[%clk 00:16:52]} {[%emt
00:00:37]} 35. b4 {[%clk 00:11:18]} {[%emt 00:00:12]} Rc4 {[%clk 00:16:44]}
{[%emt 00:00:09]} 36. a5 {[%clk 00:11:20]} {[%emt 00:00:17]} Rc3 {[%clk
00:16:18]} {[%emt 00:00:35]} 37. b5 {[%clk 00:10:58]} {[%emt 00:00:33]} Ra3
{[%emt 00:00:20]} 38. b6 {[%emt 00:00:11]} cxb6 {[%clk 00:15:18]} {[%emt
00:00:37]} 39. axb6 {[%emt 00:00:59]} 1-0

[Event "English Schools Championship Final 2024"]
[Site "Nottingham University Kings Meadow Campus, United Kingdom"]
[Date "2024.06.27"]
[Round "1.19"]
[White "Zheng, Harry Z"]
[Black "Terim, Bartu"]
[Result "1-0"]
[TimeControl "G50' + 10\" per move."]
[WhiteFideId "460982"]
[BlackFideId "51615614"]
[WhiteElo "2200"]
[BlackElo "1915"]

1. e4 {[%clk 00:50:16]} {[%emt 00:00:03]} c5 {[%clk 00:50:18]} {[%emt
00:00:03]} 2. Nf3 {[%clk 00:50:15]} {[%emt 00:00:11]} d6 {[%clk 00:50:24]}
{[%emt 00:00:05]} 3. d4 {[%clk 00:50:15]} {[%emt 00:00:10]} cxd4 {[%clk
00:50:29]} {[%emt 00:00:05]} 4. Nxd4 {[%clk 00:50:18]} {[%emt 00:00:07]} Nf6
{[%clk 00:50:35]} {[%emt 00:00:04]} 5. Nc3 {[%clk 00:50:15]} {[%emt 00:00:13]}
a6 {[%clk 00:50:32]} {[%emt 00:00:13]} 6. Be3 {[%clk 00:50:15]} {[%emt
00:00:09]} e5 {[%clk 00:49:04]} {[%emt 00:01:38]} 7. Nf3 {[%clk 00:50:13]}
{[%emt 00:00:11]} Be6 {[%clk 00:49:06]} {[%emt 00:00:08]} 8. Ng5 {[%clk
00:49:04]} {[%emt 00:01:20]} Bg4 {[%clk 00:48:36]} {[%emt 00:00:40]} 9. f3
{[%clk 00:45:51]} {[%emt 00:03:23]} Bh5 {[%clk 00:48:34]} {[%emt 00:00:13]} 10.
Nd5 {[%clk 00:42:29]} {[%emt 00:03:31]} Nbd7 {[%clk 00:46:51]} {[%emt
00:01:54]} 11. Be2 {[%clk 00:39:40]} {[%emt 00:02:58]} Be7 {[%clk 00:43:12]}
{[%emt 00:03:49]} 12. Nxe7 {[%clk 00:38:20]} {[%emt 00:01:31]} Qxe7 {[%clk
00:43:18]} {[%emt 00:00:04]} 13. Qd2 {[%clk 00:37:01]} {[%emt 00:01:29]} h6
{[%clk 00:40:57]} {[%emt 00:02:31]} 14. Nh3 {[%clk 00:36:49]} {[%emt 00:00:21]}
Qe6 {[%clk 00:40:30]} {[%emt 00:00:38]} 15. c4 {[%clk 00:34:12]} {[%emt
00:02:46]} Ke7 {[%clk 00:39:19]} {[%emt 00:01:21]} 16. Qb4 {[%clk 00:29:54]}
{[%emt 00:04:28]} b6 {[%clk 00:35:56]} {[%emt 00:03:34]} 17. Nf2 {[%clk
00:26:45]} {[%emt 00:03:18]} g5 {[%clk 00:34:42]} {[%emt 00:01:24]} 18. O-O
{[%clk 00:26:17]} {[%emt 00:00:39]} Rab8 {[%clk 00:33:55]} {[%emt 00:00:57]} 19.
Qa3 {[%clk 00:23:38]} {[%emt 00:02:47]} Nc5 {[%clk 00:31:43]} {[%emt 00:02:24]}
20. b4 {[%clk 00:20:44]} {[%emt 00:03:03]} Ncxe4 {[%clk 00:31:25]} {[%emt
00:00:28]} 21. Nxe4 {[%clk 00:20:35]} {[%emt 00:00:19]} Nxe4 {[%clk 00:30:58]}
{[%emt 00:00:37]} 22. g4 {[%clk 00:20:22]} {[%emt 00:00:23]} Bg6 {[%clk
00:30:23]} {[%emt 00:00:46]} 23. fxe4 {[%clk 00:20:03]} {[%emt 00:00:29]} Bxe4
{[%clk 00:30:27]} {[%emt 00:00:05]} 24. c5 {[%clk 00:17:39]} {[%emt 00:02:35]}
d5 {[%clk 00:28:53]} {[%emt 00:01:45]} 25. cxb6 {[%clk 00:15:42]} {[%emt
00:02:06]} d4 {[%clk 00:28:44]} {[%emt 00:00:18]} 26. b5+ {[%clk 00:15:23]}
{[%emt 00:00:30]} Ke8 {[%clk 00:28:41]} {[%emt 00:00:14]} 27. bxa6 {[%clk
00:11:31]} {[%emt 00:04:01]} Qxb6 {[%clk 00:27:46]} {[%emt 00:01:05]} 28. Bf2
{[%clk 00:07:45]} {[%emt 00:03:55]} h5 {[%clk 00:27:31]} {[%emt 00:00:26]} 29.
Bf3 {[%clk 00:03:48]} {[%emt 00:04:07]} Qc6 {[%clk 00:22:40]} {[%emt 00:05:01]}
30. Rac1 {[%emt 00:01:06]} Qa8 {[%clk 00:22:07]} 31. Rc7 {[%clk 00:02:51]}
{[%emt 00:00:54]} 1-0

[Event "English Schools Championship Final 2024"]
[Site "Nottingham University Kings Meadow Campus, United Kingdom"]
[Date "2024.06.27"]
[Round "1.20"]
[White "Rivera, Roman"]
[Black "Rebonato Scott, Sebastiano"]
[Result "0-1"]
[TimeControl "G50' + 10\" per move."]
[BlackFideId "480827"]
[WhiteElo "1699"]
[BlackElo "1883"]

1. e4 {[%clk 00:50:17]} c6 {[%clk 00:50:19]} {[%emt 00:00:03]} 2. d4 {[%clk
00:50:04]} {[%emt 00:00:23]} d5 {[%clk 00:50:27]} {[%emt 00:00:01]} 3. exd5
{[%clk 00:49:41]} {[%emt 00:00:33]} cxd5 {[%clk 00:50:36]} {[%emt 00:00:02]} 4.
c3 {[%clk 00:48:59]} {[%emt 00:00:53]} Nf6 {[%clk 00:50:40]} {[%emt 00:00:06]}
5. Bd3 {[%clk 00:48:38]} {[%emt 00:00:29]} Bg4 {[%clk 00:50:34]} {[%emt
00:00:17]} 6. f3 {[%clk 00:48:00]} {[%emt 00:00:48]} Bh5 {[%clk 00:49:24]}
{[%emt 00:01:20]} 7. Bf4 {[%clk 00:47:09]} {[%emt 00:01:01]} Nc6 {[%clk
00:48:55]} {[%emt 00:00:38]} 8. Qc2 {[%clk 00:45:42]} {[%emt 00:01:38]} e6
{[%clk 00:48:27]} {[%emt 00:00:38]} 9. Na3 {[%clk 00:43:06]} {[%emt 00:02:46]}
Bd6 {[%clk 00:46:52]} {[%emt 00:01:46]} 10. Qd2 {[%clk 00:40:16]} {[%emt
00:02:59]} O-O {[%clk 00:46:39]} {[%emt 00:00:22]} 11. Ne2 {[%clk 00:38:53]}
{[%emt 00:01:34]} a6 {[%clk 00:43:09]} {[%emt 00:03:40]} 12. Bxd6 {[%clk
00:36:53]} {[%emt 00:02:09]} Qxd6 {[%clk 00:43:17]} {[%emt 00:00:03]} 13. Nc2
{[%clk 00:35:20]} {[%emt 00:01:43]} Rfc8 {[%clk 00:38:59]} {[%emt 00:04:28]} 14.
O-O {[%clk 00:31:37]} {[%emt 00:03:51]} Bg6 {[%clk 00:38:28]} {[%emt 00:00:43]}
15. Nf4 {[%clk 00:30:22]} {[%emt 00:01:25]} Bxd3 {[%clk 00:38:04]} {[%emt
00:00:34]} 16. Nxd3 {[%clk 00:30:28]} {[%emt 00:00:03]} b5 {[%clk 00:35:33]}
{[%emt 00:02:41]} 17. a4 {[%clk 00:28:11]} {[%emt 00:02:27]} Na5 {[%clk
00:35:19]} {[%emt 00:00:24]} 18. Nc1 {[%clk 00:25:38]} {[%emt 00:02:43]} Nc4
{[%clk 00:35:00]} {[%emt 00:00:29]} 19. Qe2 {[%clk 00:23:26]} {[%emt 00:02:22]}
bxa4 {[%clk 00:32:58]} {[%emt 00:02:13]} 20. Na3 {[%clk 00:21:36]} {[%emt
00:02:00]} Rab8 {[%clk 00:26:31]} {[%emt 00:06:36]} 21. Nd3 {[%clk 00:20:38]}
{[%emt 00:01:08]} Nd7 {[%clk 00:23:40]} {[%emt 00:03:02]} 22. Nxc4 {[%clk
00:19:58]} {[%emt 00:00:50]} Rxc4 {[%clk 00:21:58]} {[%emt 00:01:52]} 23. f4
{[%clk 00:16:28]} {[%emt 00:03:40]} Re8 {[%clk 00:19:19]} {[%emt 00:02:49]} 24.
Ne5 {[%clk 00:16:00]} {[%emt 00:00:37]} Nxe5 {[%clk 00:18:55]} {[%emt
00:00:34]} 25. fxe5 {[%clk 00:15:52]} {[%emt 00:00:19]} Qe7 {[%clk 00:17:52]}
{[%emt 00:01:12]} 26. Qg4 {[%clk 00:15:12]} {[%emt 00:00:48]} Rb8 {[%clk
00:17:37]} {[%emt 00:00:27]} 27. Rf2 {[%clk 00:13:28]} {[%emt 00:01:55]} Rb7
{[%clk 00:16:58]} {[%emt 00:00:49]} 28. Raf1 {[%clk 00:12:15]} {[%emt
00:01:22]} Qe8 {[%clk 00:16:28]} {[%emt 00:00:40]} 29. h4 {[%clk 00:11:08]}
{[%emt 00:01:18]} Rc8 {[%clk 00:14:26]} {[%emt 00:02:12]} 30. h5 {[%clk
00:11:00]} {[%emt 00:00:19]} h6 {[%clk 00:14:26]} {[%emt 00:00:09]} 31. Rf6
{[%clk 00:10:56]} {[%emt 00:00:13]} Kh7 {[%clk 00:11:04]} {[%emt 00:03:33]} 32.
R6f2 {[%clk 00:09:19]} {[%emt 00:01:46]} Rc6 {[%clk 00:10:23]} {[%emt
00:00:51]} 33. Qf4 {[%clk 00:08:18]} {[%emt 00:01:11]} Rcb6 {[%clk 00:10:07]}
{[%emt 00:00:26]} 34. g4 {[%clk 00:07:15]} {[%emt 00:01:13]} Qe7 {[%clk
00:08:56]} {[%emt 00:01:22]} 35. Rg2 {[%clk 00:06:40]} {[%emt 00:00:44]} Rxb2
{[%clk 00:09:03]} {[%emt 00:00:04]} 36. Rxb2 {[%clk 00:05:35]} {[%emt
00:01:15]} Rxb2 {[%clk 00:09:11]} {[%emt 00:00:03]} 37. Qxf7 {[%clk 00:03:55]}
{[%emt 00:01:48]} Qxf7 {[%clk 00:09:18]} {[%emt 00:00:04]} 38. Rxf7 {[%clk
00:03:46]} {[%emt 00:00:18]} a3 {[%clk 00:08:58]} {[%emt 00:00:31]} 39. Ra7
{[%clk 00:02:18]} {[%emt 00:01:37]} Rb6 {[%clk 00:09:02]} {[%emt 00:00:06]} 40.
Rf7 {[%clk 00:02:16]} {[%emt 00:00:13]} a2 {[%clk 00:09:05]} {[%emt 00:00:06]}
41. Rf1 {[%clk 00:02:23]} {[%emt 00:00:04]} Rb1 {[%emt 00:00:26]} 0-1